|
|
|
|
| LEADER |
00861nam a22002652a 4500 |
| 001 |
001740611 |
| 003 |
CZ BrMZK |
| 005 |
20200402223558.0 |
| 007 |
ta |
| 008 |
200402s1956 xo a er|||||||||||slo d |
| 040 |
|
|
|a ABA001
|b cze
|c ABA001
|d ABA001
|d BOA001
|
| 041 |
1 |
|
|a slo
|h cze
|
| 080 |
9 |
|
|a 885-311.3
|2 undef
|
| 100 |
1 |
|
|a Pašek, Mirko,
|d 1910-2002
|7 jk01091848
|4 aut
|
| 245 |
1 |
0 |
|a Hľadači perál /
|c Mirko Pašek ; prel. Ján Mikuláš ; ilustr. Ján Hladík
|
| 260 |
|
|
|a Bratislava :
|b Smena,
|c 1956
|
| 300 |
|
|
|a 48 s. :
|b il. ;
|c 4°
|
| 490 |
1 |
|
|a Dobrodružné romány ;
|v sv. 4
|
| 700 |
1 |
|
|a Mikuláš, Ján
|4 trl
|
| 700 |
1 |
|
|a Hladík, Ján
|4 ill
|
| 830 |
|
0 |
|a Dobrodružné romány (Smena)
|
| 910 |
|
|
|a BOA001
|b X2-0367.834
|
| 990 |
|
|
|a BK
|
| 991 |
|
|
|b 202004
|
| 996 |
7 |
|
|b 2618848975
|c X2-0367.834
|l MZK
|r Sklad / do 24 hodin
|n 0
|w 001792376
|u 000010
|a 1
|e BOA001
|j MZK50
|s A
|